• 首页
  • 本馆介绍
  • 公告通知
  • 最新文献
  • 馆藏检索
  • 电子资源
  • 读者导购
  • 参考咨询
  • 我的图书馆
  • 登录
  • 详细信息显示
  • 放入我的书架
  • 预约/预借图书
  • 作者相关作品
  • 分类相关作品
  • 丛书相关作品
  • 出版社相关作品

书目信息

  • 表格格式
  • 工作单格式
  • 卡片格式
题名:
蚕桑丝绸史话
    
 
作者: 刘克祥 著
分册:  
出版信息: 北京   中国大百科全书出版社  2000
页数: 200页
开本: 19cm
丛书名: 中华文明史话
单 册:
中图分类: S88-092 , F426.81
科图分类:
主题词: 蚕桑生产--中国--古代--史料 , 蚕桑生产 , 丝绸工业--工业史--中国--古代 , 丝绸工业 , 工业史
电子资源:
ISBN: 7-5000-6239-7
000 00975oam2 2200301 450
001 1552463805
005 20150121143558.01
010    @a7-5000-6239-7@dCNY10.00
100    @a20001010d2000 em y0chiy0110 ea
101 0  @achi
102    @aCN@b110000
105    @af z 000yy
200 1  @a蚕桑丝绸史话@9can sang si chou shi hua@f刘克祥[著]
210    @a北京@c中国大百科全书出版社@d2000
215    @a200页@c插图@d19cm
225 2  @a中华文明史话
330    @a本书重点介绍了古代植桑、养蚕、缫丝、织绸、练漂、印染生产的有关情况,包括生产关系、经营方式、产地分布、生产工艺与技术的发展变化,以及丝绸贸易和蚕桑丝织技术的对外传播等。
461  0 @12001 @a中华文明史话
606 0  @a蚕桑生产@y中国@z古代@x史料
606 0  @a蚕桑生产
606 0  @a丝绸工业@x工业史@y中国@z古代
606 0  @a丝绸工业
606 0  @a工业史
690    @aS88-092@v5
690    @aF426.81@v5
701  0 @a刘克祥@9liu ke xiang@4著
801  0 @aCN@bTSSF@c20150121
905    @aZUCC@dS88-092@eJY1
    
    蚕桑丝绸史话/刘克祥[著].-北京:中国大百科全书出版社,2000
    200页:插图;19cm.-(中华文明史话)
    
    
    ISBN 7-5000-6239-7:CNY10.00
    本书重点介绍了古代植桑、养蚕、缫丝、织绸、练漂、印染生产的有关情况,包括生产关系、经营方式、产地分布、生产工艺与技术的发展变化,以及丝绸贸易和蚕桑丝织技术的对外传播等。
●
相关链接 在E读中查询图书 在五车中查询图书 在当当中查询图书 在豆瓣中查询图书


正题名:蚕桑丝绸史话     索取号:S88-092/JY1         预约/预借

序号 登录号 条形码 馆藏地/架位号 状态 备注
1 7840147   278401472   学院路分馆/ [索取号:S88-092/JY1] 在馆    
2 7840285   278402854   学院路分馆/ [索取号:S88-092/JY1] 在馆    
3 7840286   278402863   学院路分馆/ [索取号:S88-092/JY1] 在馆    
4 7840287   278402872   学院路分馆/ [索取号:S88-092/JY1] 在馆    
唐山师范学院图书馆 欢迎您!
大连网信软件有限公司© 版权所有